El derecho en accin̤ La dimensin̤ social de las normas jurd̕icas /

Detalles Bibliográficos
Autor principal: Vilajosana, Josep M.
Formato: eBook
Lenguaje:español
Publicado: Madrid: Marcial Pons, 2010
Materias:
Acceso en línea:Acceso restringido

MARC

LEADER 00000nam a22000007a 4500
005 2017020700230.0
007 cr|||| ||||
008 170207s2010 es |||||s|||| 00||0 spa d
020 |a 9788497682640 
035 |a 14680 
040 |a vLex 
090 |c 6528  |d 6528 
100 1 |a Vilajosana, Josep M. 
245 1 2 |a El derecho en accin̤  |h [Recurso electrn̤ico] :  |b La dimensin̤ social de las normas jurd̕icas /  |c Josep M. Vilajosana 
256 |a Servicio en ln̕ea 
260 |a Madrid:  |b Marcial Pons,  |c 2010 
300 |a 1 recurso electrn̤ico 
500 |a Una teora̕ del derecho satisfactoria debe ser al menos una teora̕ del derecho positivo, es decir, debe poder dar cuenta de la relacin̤ entre las normas jurd̕icas y los hechos sociales con los que se hallan vinculadas. Éste es justamente el objetivo general de este trabajo. A lo largo del mismo se examinan las condiciones de existencia de las normas jurd̕icas, en concreto, y del derecho positivo, en general. En los primeros dos capt̕ulos se pone de relieve el carc̀ter problemt̀ico que encierra tanto la pregunta acerca de la ontologa̕ de las normas jurd̕icas (si son entes abstractos o concretos), como el anl̀isis de la relacin̤ entre cada tipo de normas jurd̕icas y el comportamiento humano. En el resto del libro se realiza el anl̀isis de las dos condiciones mn̕imas de existencia de los sistemas jurd̕icos: que exista una prc̀tica unitaria de identificacin̤ de normas y que las normas identificadas sean generalmente eficaces. Al respecto, el autor defiende lo que denomina un convencionalismo en sentido db̌il, segn︢ el cual necesariamente la primera condicin̤ requiere la presencia de hechos convencionales de carc̀ter constitutivo, mientras que la segunda apuntara̕ a la presencia de hechos sociales no necesariamente convencionales. 
506 1 |a Disponible solo en los productos indicados  |d vLex Global  |d vLex Global (Academic Edition, excluding Law Schools)  |d vLex Global (U.S. Academic Edition, Law Schools)  |d vLex Global (U.S. Academic Edition, excluding Law Schools)  |d vLex Global (Academic Edition, Law Schools) 
650 0 4 |a Derecho Civil  |z Espaą 
650 0 4 |a Ciencias sociales  |z Espaą 
650 0 4 |a Filosofa̕ y religin̤  |z Espaą 
740 0 |a vLex Libros (Servicio en ln̕ea) 
856 4 0 |u http://vlex.com/source/derecho-en-accion-la-dimension-social-de-las-normas-juridicas-14680  |z Acceso restringido 
942 |c BOOK 
999 0 |a Civil Law 
999 0 |a Social sciences 
999 0 |a Philosophy and religion